| 000 | 00416nam a2200157Ia 4500 | ||
|---|---|---|---|
| 003 | OSt | ||
| 005 | 20230927152043.0 | ||
| 008 | 230219s9999 xx 000 0 und d | ||
| 020 | _a9780199485208 | ||
| 082 |
_a304.28 _bGADY |
||
| 100 | _aGADGIL, Madhav & GUHA, Ramchandra | ||
| 245 | 0 | _aYeh Darakti Zameen: Bharat ka Paristhitik Itihas | |
| 260 |
_aNEW DELHI _bOxford press _c2018 |
||
| 300 | _a271 | ||
| 942 |
_cBK _2ddc |
||
| 999 |
_c1326 _d1326 |
||